000 00812nam a22002777a 4500
003 CHAP
005 20220329134141.0
008 971013s1960 r 00010 d
010 _a16183
011 _a17155
035 _a21238
040 _cCHAP
082 _a578.64
_bG76
100 0 0 _aGurr, Edward.
_951549
245 _aEncyclopedia of microscopic stains
260 _aLondon :
_bLeonard Hill,
_c1960
300 _a498 p
590 _aBATCH-UPD
_b10
_c20130110
_lUCH01
_h1316
590 _aBATCH-UPD
_b10
_c20130410
_lUCH01
_h0827
590 _aBATCH-UPD
_b10
_c20130914
_lUCH01
_h1011
590 _aCONVERSION
_b10
_c20130109
_lUCH01
_h1310
650 1 4 _aColorantes y coloración (Microscopía)
_925474
901 _aBK
942 _cLIBRO
949 _a578.64 G76
_bBC
_cC
_d33724000517306
_eC
_h18172
_i21238
_si
999 _c16183
_d16183